000 01080nam a2200265 a 4500
001 BRL_1181
005 20190320211054.0
008 221113s1980----gw-ab#####---#000-0#ger-#
020 _a3852142784
041 _ager
044 _agw
050 4 _aGN780.2.H3
_b.H35 1980
245 1 0 _aDie Hallstattkultur
_bFrühform europäischer Einheit ; Internationale Ausstellung des Landes Oberösterreich, 25. April bis 26. Oktober 1980, Schloss Lamberg, Steyr
_cHerausgeber, Land Oberösterreich, Amt der Oö. Landesregierung, Abteilung Kultur ; Leiter, Karl Pömer ; Schriftleitung, Dietmar Straub.
260 _aLinz
_bIn Kommission beim Oö. Landesverlag
_c1980
300 _a333 p.
_bil. (algunas a color), mapas
_c21 cm.
500 _aAu1351
504 _aBibliografía: p. 150-154
650 1 4 _aPeríodo de Hallstatt
_vExposiciones
_926029
651 4 _aEuropa central
_vExposiciones
_xAntigüedades
_926030
700 1 _aPömer, Karl
_926031
700 1 _aStraub, Dietmar
_926032
710 2 _aUpper Austria (Austria)
_bAbteilung Kultur
_926033
902 _aGRL
942 _2lcc
_cB
999 _c9993
_d9993